| 000 | 00414nam a2200109Ia 4500 | ||
|---|---|---|---|
| 008 | 160909s9999 xx 000 0 und d | ||
| 100 | _aGreenfield Pace, Joe Ann | ||
| 245 | 4 | _aThe influence of accountability and commitment on team performance of airline flight crews | |
| 260 |
_bCapella University _c2016 |
||
| 650 | _aHUMAN RESOURCE MANAGEMENT | ||
| 856 | _uhttp://pqdtopen.proquest.com/doc/1765442348.html?FMT=ABS | ||
| 999 |
_c304663 _d304663 |
||